Kanada - prowincje i terytoria - Statystyki

Ogólne statystyki
  • Ten quiz został rozwiązany 1 202 razy
  • Średni wynik to 9 z 13
Odpowiedzi na mapie
Odpowiedzi zakodowano w zielono-czerwonej skali na mapie do tego quizu, zgodnie z poniższymi procentami.
 
Statystyki odpowiedzi
Odpowiedź % Poprawnych
Quebec
81%
Kolumbia Brytyjska
78%
Ontario
73%
Alberta
71%
Nowa Funlandia i Labrador
69%
Wyspa Księcia Edwarda
69%
Nowa Szkocja
65%
Terytoria Północno-Zachodnie
64%
Yukon
62%
Nunavut
60%
Manitoba
57%
Saskatchewan
57%
Nowy Brunszwik
48%
Nie znaleziono quizów pasujących do podanych kryteriów
Rozkład punktacji
Procent ludzi z każdym wynikiem
Percentyl według liczby udzielonych odpowiedzi
Twoja historia wyników
Nie rozwiązałeś tego quizu